000 00340pab a2200145 454500
008 180718b2003 xxu||||| |||| 00| 0 eng d
100 _aSawhney, Ajay
245 _aE-procurement
260 _c2003
300 _ap.125-43.
362 _aApr-Sep
650 _aElectronic procurement
773 _aManagement in Government
909 _a64509
999 _c64509
_d64509